[Event "DVM U12 2023"]
[Site "Magdeburg GER"]
[Date "2023.12.27"]
[Round "2"]
[White "Zhao, Yunsheng"]
[Black "Classen, Marnin"]
[Result "0-1"]
[Termination "normal"]
[Board "8.2"]
[WhiteElo "1433"]
[BlackElo "1383"]
[WhiteClock "00:05:59"]
[BlackClock "00:52:21"]
[WhiteTeam "SK Bad Homburg 1927"]
[BlackTeam "SG Trier 1877"]
[PlyCount "88"]
[WhiteFideId "16299280"]
[BlackFideId "34623833"]
[EventCountry "GER"]
[EventRounds "7"]
[EventType "team-swiss"]
[EventDate "2023.12.26"]

1. e4 {[%clk 01:30:57]} {[%emt 00:00:03]} e6 {[%clk 01:30:52]} {[%emt
00:00:09]} 2. d4 {[%clk 01:31:17]} {[%emt 00:00:10]} d5 {[%clk 01:31:07]}
{[%emt 00:00:15]} 3. Bd3 {[%clk 01:31:00]} {[%emt 00:00:46]} Nf6 {[%clk
01:31:23]} {[%emt 00:00:14]} 4. e5 {[%clk 01:31:12]} {[%emt 00:00:19]} Nfd7
{[%clk 01:31:48]} {[%emt 00:00:05]} 5. Ne2 {[%clk 01:30:19]} {[%emt 00:01:23]}
c5 {[%clk 01:32:10]} {[%emt 00:00:08]} 6. c3 {[%clk 01:30:34]} {[%emt
00:00:14]} Nc6 {[%clk 01:32:29]} {[%emt 00:00:10]} 7. Bc2 {[%clk 01:29:47]}
{[%emt 00:01:18]} Qb6 {[%clk 01:32:49]} {[%emt 00:00:09]} 8. b3 {[%clk
01:28:47]} {[%emt 00:01:32]} Be7 {[%clk 01:33:04]} {[%emt 00:00:15]} 9. O-O
{[%clk 01:27:48]} {[%emt 00:01:30]} O-O {[%clk 01:33:23]} {[%emt 00:00:10]} 10.
Be3 {[%clk 01:25:33]} {[%emt 00:02:45]} f6 {[%clk 01:33:39]} {[%emt 00:00:15]}
11. exf6 {[%clk 01:25:26]} {[%emt 00:00:37]} Nxf6 {[%clk 01:33:56]} {[%emt
00:00:13]} 12. Nd2 {[%clk 01:20:23]} {[%emt 00:05:33]} cxd4 {[%clk 01:32:02]}
{[%emt 00:02:23]} 13. cxd4 {[%clk 01:19:49]} {[%emt 00:01:04]} Ng4 {[%clk
01:31:52]} {[%emt 00:00:40]} 14. Nf3 {[%clk 01:15:38]} {[%emt 00:04:42]} Qc7
{[%clk 01:31:01]} {[%emt 00:01:19]} 15. h3 {[%clk 01:08:06]} {[%emt 00:08:03]}
Rxf3 {[%clk 01:30:22]} {[%emt 00:01:09]} 16. hxg4 {[%clk 01:08:13]} {[%emt
00:00:24]} Rf8 {[%clk 01:30:19]} {[%emt 00:00:33]} 17. Qd3 {[%clk 01:08:11]}
{[%emt 00:00:32]} g6 {[%clk 01:30:25]} {[%emt 00:00:24]} 18. Bh6 {[%clk
01:03:26]} {[%emt 00:05:15]} Nb4 {[%clk 01:29:53]} {[%emt 00:01:01]} 19. Qd2
{[%clk 00:56:25]} {[%emt 00:07:32]} Qxc2 {[%clk 01:26:45]} {[%emt 00:03:38]}
20. Qxc2 {[%clk 00:54:59]} {[%emt 00:01:56]} Nxc2 {[%clk 01:27:01]} {[%emt
00:00:11]} 21. Bxf8 {[%clk 00:48:39]} {[%emt 00:06:52]} Bxf8 {[%clk 01:24:10]}
{[%emt 00:03:20]} 22. Rac1 {[%clk 00:47:53]} {[%emt 00:01:17]} Nb4 {[%clk
01:24:09]} {[%emt 00:00:30]} 23. a3 {[%clk 00:47:03]} {[%emt 00:01:22]} Nc6
{[%clk 01:24:29]} {[%emt 00:00:08]} 24. a4 {[%clk 00:42:27]} {[%emt 00:05:07]}
Bd7 {[%clk 01:23:14]} {[%emt 00:01:44]} 25. Rfd1 {[%clk 00:37:10]} {[%emt
00:05:48]} Bh6 {[%clk 01:21:53]} {[%emt 00:01:50]} 26. Rc2 {[%clk 00:31:01]}
{[%emt 00:06:39]} Rc8 {[%clk 01:19:41]} {[%emt 00:02:43]} 27. Rd3 {[%clk
00:26:28]} {[%emt 00:05:03]} Rf8 {[%clk 01:19:28]} {[%emt 00:00:43]} 28. Rh3
{[%clk 00:21:04]} {[%emt 00:05:55]} Bg7 {[%clk 01:17:29]} {[%emt 00:02:29]} 29.
Rd2 {[%clk 00:20:33]} {[%emt 00:01:01]} e5 {[%clk 01:16:44]} {[%emt 00:01:14]}
30. dxe5 {[%clk 00:19:08]} {[%emt 00:01:55]} Bxg4 {[%clk 01:16:40]} {[%emt
00:00:34]} 31. Rhd3 {[%clk 00:17:35]} {[%emt 00:02:02]} Bxe5 {[%clk 01:12:49]}
{[%emt 00:04:20]} 32. Rxd5 {[%clk 00:17:07]} {[%emt 00:00:58]} Be6 {[%clk
01:12:43]} {[%emt 00:00:37]} 33. R5d3 {[%clk 00:15:52]} {[%emt 00:01:45]} Bf5
{[%clk 01:08:36]} {[%emt 00:04:37]} 34. Re3 {[%clk 00:13:48]} {[%emt 00:02:34]}
Bg4 {[%clk 01:07:41]} {[%emt 00:01:25]} 35. Rd5 {[%clk 00:11:55]} {[%emt
00:02:23]} Bf6 {[%clk 01:06:07]} {[%emt 00:02:02]} 36. f3 {[%clk 00:09:02]}
{[%emt 00:03:24]} Bf5 {[%clk 01:05:31]} {[%emt 00:01:07]} 37. Kf1 {[%clk
00:08:16]} {[%emt 00:01:17]} Rd8 {[%clk 00:59:54]} {[%emt 00:06:06]} 38. Rxd8+
{[%clk 00:08:00]} {[%emt 00:00:47]} Nxd8 {[%clk 01:00:09]} {[%emt 00:00:14]}
39. Ng3 {[%clk 00:08:02]} {[%emt 00:00:28]} Be6 {[%clk 00:57:44]} {[%emt
00:02:54]} 40. Ke2 {[%clk 00:07:21]} {[%emt 00:01:12]} Kf7 {[%clk 00:57:57]}
{[%emt 00:00:18]} 41. Ne4 {[%clk 00:07:11]} {[%emt 00:00:40]} Be7 {[%clk
00:56:39]} {[%emt 00:01:46]} 42. Kd3 {[%clk 00:06:27]} {[%emt 00:01:16]} Bxb3
{[%clk 00:56:00]} {[%emt 00:01:08]} 43. Nc3 {[%clk 00:06:11]} {[%emt 00:00:47]}
Ne6 {[%clk 00:53:53]} {[%emt 00:02:37]} 44. Re5 {[%clk 00:05:59]} {[%emt
00:00:41]} Nc5+ {[%clk 00:52:21]} {[%emt 00:02:03]} 0-1

[Event "DVM U12 2023"]
[Site "Magdeburg GER"]
[Date "2023.12.27"]
[Round "2"]
[White "Classen, Miguel"]
[Black "Kesavan, Sarvesh"]
[Result "0-1"]
[Termination "normal"]
[Board "8.3"]
[WhiteElo "1168"]
[BlackElo "1482"]
[WhiteClock "01:27:58"]
[BlackClock "01:16:55"]
[WhiteTeam "SG Trier 1877"]
[BlackTeam "SK Bad Homburg 1927"]
[PlyCount "64"]
[WhiteFideId "34623825"]
[BlackFideId "34648160"]
[EventCountry "GER"]
[EventRounds "7"]
[EventType "team-swiss"]
[EventDate "2023.12.26"]

1. e4 {[%clk 01:30:59]} {[%emt 00:06:41]} c5 {[%clk 01:30:55]} {[%emt
00:00:06]} 2. Nf3 {[%clk 01:31:17]} {[%emt 00:00:12]} Nc6 {[%clk 01:31:20]}
{[%emt 00:00:05]} 3. d4 {[%clk 01:31:41]} {[%emt 00:00:04]} cxd4 {[%clk
01:31:47]} {[%emt 00:00:04]} 4. Nxd4 {[%clk 01:32:03]} {[%emt 00:00:08]} Nf6
{[%clk 01:31:59]} {[%emt 00:00:18]} 5. Nc3 {[%clk 01:32:21]} {[%emt 00:00:12]}
e5 {[%clk 01:32:21]} {[%emt 00:00:09]} 6. Nf3 {[%clk 01:32:29]} {[%emt
00:00:21]} Bb4 {[%clk 01:32:16]} {[%emt 00:00:35]} 7. Bd2 {[%clk 01:32:13]}
{[%emt 00:00:46]} d5 {[%clk 01:28:52]} {[%emt 00:03:54]} 8. Bb5 {[%clk
01:30:11]} {[%emt 00:02:33]} Bg4 {[%clk 01:25:55]} {[%emt 00:03:27]} 9. h3
{[%clk 01:27:23]} {[%emt 00:03:17]} a6 {[%clk 01:20:00]} {[%emt 00:06:26]} 10.
Bxc6+ {[%clk 01:26:44]} {[%emt 00:01:09]} bxc6 {[%clk 01:19:57]} {[%emt
00:00:33]} 11. hxg4 {[%clk 01:25:55]} {[%emt 00:01:18]} Nxg4 {[%emt 00:01:53]}
12. exd5 {[%clk 01:25:34]} {[%emt 00:00:17]} cxd5 {[%clk 01:19:28]} {[%emt
00:00:11]} 13. Nxd5 {[%clk 01:25:28]} {[%emt 00:00:36]} Qxd5 {[%clk 01:19:33]}
{[%emt 00:00:25]} 14. Bxb4 {[%clk 01:25:45]} {[%emt 00:00:13]} Qe4+ {[%clk
01:19:34]} {[%emt 00:00:29]} 15. Kf1 {[%clk 01:25:18]} {[%emt 00:00:57]} Qxb4
{[%clk 01:19:23]} {[%emt 00:00:41]} 16. Ng5 {[%clk 01:25:22]} {[%emt 00:00:24]}
Qf4 {[%clk 01:17:33]} {[%emt 00:02:20]} 17. f3 {[%clk 01:25:09]} {[%emt
00:00:43]} Ne3+ {[%clk 01:17:44]} {[%emt 00:00:20]} 18. Ke2 {[%clk 01:25:29]}
{[%emt 00:00:10]} Nxd1 {[%clk 01:18:05]} {[%emt 00:00:10]} 19. Raxd1 {[%clk
01:25:34]} {[%emt 00:00:23]} Qxg5 {[%clk 01:18:21]} {[%emt 00:00:15]} 20. c4
{[%clk 01:25:29]} {[%emt 00:00:36]} Qxg2+ {[%clk 01:18:35]} {[%emt 00:00:16]}
21. Ke3 {[%clk 01:25:45]} {[%emt 00:00:13]} Qxb2 {[%clk 01:18:37]} {[%emt
00:00:29]} 22. Rd2 {[%clk 01:26:05]} {[%emt 00:00:10]} Qa3+ {[%clk 01:16:43]}
{[%emt 00:02:23]} 23. Rd3 {[%clk 01:26:12]} {[%emt 00:00:23]} Qc5+ {[%clk
01:15:51]} {[%emt 00:01:23]} 24. Kd2 {[%clk 01:26:17]} {[%emt 00:00:25]} Rd8
{[%clk 01:16:06]} {[%emt 00:00:15]} 25. Rc1 {[%clk 01:26:27]} {[%emt 00:00:19]}
Qf2+ {[%clk 01:15:43]} {[%emt 00:00:54]} 26. Kc3 {[%clk 01:26:13]} {[%emt
00:00:44]} Rxd3+ {[%clk 01:15:49]} {[%emt 00:00:25]} 27. Kxd3 {[%clk 01:26:28]}
{[%emt 00:00:14]} Qd4+ {[%clk 01:15:38]} {[%emt 00:00:41]} 28. Ke2 {[%clk
01:26:35]} {[%emt 00:00:22]} Qb2+ {[%clk 01:16:01]} {[%emt 00:00:07]} 29. Ke1
{[%clk 01:26:56]} {[%emt 00:00:09]} Qxc1+ {[%clk 01:16:24]} {[%emt 00:00:08]}
30. Ke2 {[%clk 01:27:15]} {[%emt 00:00:12]} O-O {[%clk 01:16:32]} {[%emt
00:00:22]} 31. Kd3 {[%clk 01:27:39]} {[%emt 00:00:05]} Rd8+ {[%clk 01:16:32]}
{[%emt 00:00:31]} 32. Ke4 {[%clk 01:27:58]} {[%emt 00:00:09]} Qf4# {[%clk
01:16:55]} {[%emt 00:00:08]} 0-1

[Event "DVM U12 2023"]
[Site "Magdeburg GER"]
[Date "2023.12.27"]
[Round "2"]
[White "Mosch, Cornelius"]
[Black "Gilcher, Tamino"]
[Result "1-0"]
[Termination "normal"]
[Board "8.4"]
[WhiteElo "1107"]
[BlackElo "1207"]
[WhiteClock "01:23:18"]
[BlackClock "00:46:36"]
[WhiteTeam "SK Bad Homburg 1927"]
[BlackTeam "SG Trier 1877"]
[PlyCount "45"]
[WhiteFideId "34681744"]
[BlackFideId "34681787"]
[EventCountry "GER"]
[EventRounds "7"]
[EventType "team-swiss"]
[EventDate "2023.12.26"]

1. e4 {[%clk 01:30:57]} {[%emt 00:00:02]} e5 {[%clk 01:30:43]} {[%emt
00:00:17]} 2. Nf3 {[%clk 01:31:00]} {[%emt 00:00:28]} Nc6 {[%clk 01:31:03]}
{[%emt 00:00:10]} 3. Bc4 {[%clk 01:31:16]} {[%emt 00:00:14]} Bc5 {[%clk
01:31:06]} {[%emt 00:00:27]} 4. c3 {[%clk 01:31:30]} {[%emt 00:00:16]} Nf6
{[%clk 01:30:06]} {[%emt 00:01:30]} 5. d4 {[%clk 01:31:48]} {[%emt 00:00:12]}
Bb6 {[%clk 01:23:06]} {[%emt 00:07:30]} 6. dxe5 {[%clk 01:31:52]} {[%emt
00:00:26]} Ng4 {[%clk 01:23:21]} {[%emt 00:00:14]} 7. Qd5 {[%clk 01:31:54]}
{[%emt 00:00:30]} Bxf2+ {[%clk 01:22:13]} {[%emt 00:01:37]} 8. Ke2 {[%clk
01:32:00]} {[%emt 00:00:24]} Qe7 {[%clk 01:10:46]} {[%emt 00:11:56]} 9. h3
{[%clk 01:28:03]} {[%emt 00:00:31]} Ncxe5 {[%clk 01:03:25]} {[%emt 00:11:48]}
10. Nxe5 {[%clk 01:26:46]} {[%emt 00:01:47]} Nxe5 {[%clk 01:03:36]} {[%emt
00:00:19]} 11. Kxf2 {[%clk 01:27:00]} {[%emt 00:00:17]} Qh4+ {[%clk 01:02:04]}
{[%emt 00:02:02]} 12. Kf1 {[%clk 01:25:52]} {[%emt 00:01:38]} d6 {[%clk
00:59:57]} {[%emt 00:02:36]} 13. Bb3 {[%clk 01:25:37]} {[%emt 00:00:45]} O-O
{[%clk 00:58:57]} {[%emt 00:01:30]} 14. Be3 {[%clk 01:25:19]} {[%emt 00:00:48]}
Be6 {[%clk 00:58:31]} {[%emt 00:00:56]} 15. Qxb7 {[%clk 01:25:12]} {[%emt
00:00:37]} Nd3 {[%clk 00:58:14]} {[%emt 00:00:47]} 16. Nd2 {[%clk 01:25:19]}
{[%emt 00:00:24]} Bg4 {[%clk 00:51:42]} {[%emt 00:07:01]} 17. Qxc7 {[%clk
01:24:13]} {[%emt 00:01:37]} Qf6+ {[%clk 00:51:29]} {[%emt 00:00:43]} 18. Kg1
{[%clk 01:24:10]} {[%emt 00:00:33]} Nxb2 {[%clk 00:50:32]} {[%emt 00:01:27]}
19. Rf1 {[%clk 01:24:25]} {[%emt 00:00:15]} Qg6 {[%clk 00:47:23]} {[%emt
00:03:39]} 20. hxg4 {[%clk 01:24:24]} {[%emt 00:00:31]} Qxg4 {[%clk 00:46:47]}
{[%emt 00:01:07]} 21. Bxf7+ {[%clk 01:24:41]} {[%emt 00:00:13]} Kh8 {[%clk
00:46:37]} {[%emt 00:00:40]} 22. Qxd6 {[%clk 01:24:38]} {[%emt 00:00:33]} Nd1
{[%clk 00:46:36]} {[%emt 00:00:31]} 23. Rxh7+ {[%clk 01:23:18]} {[%emt
00:01:50]} 1-0

[Event "DVM U12 2023"]
[Site "Magdeburg GER"]
[Date "2023.12.27"]
[Round "2"]
[White "Meitzner, Jonathan Franz"]
[Black "Luccone, Constantin"]
[Result "1-0"]
[Termination "normal"]
[Board "9.1"]
[WhiteElo "1409"]
[BlackElo "1377"]
[WhiteClock "01:14:06"]
[BlackClock "00:37:31"]
[WhiteTeam "1. Eichsfelder SC"]
[BlackTeam "SF Brackel 1930"]
[PlyCount "141"]
[WhiteFideId "34616110"]
[BlackFideId "34634096"]
[EventCountry "GER"]
[EventRounds "7"]
[EventType "team-swiss"]
[EventDate "2023.12.26"]

1. e4 {[%clk 01:30:58]} e5 {[%clk 01:30:53]} {[%emt 00:00:08]} 2. Nf3 {[%clk
01:31:24]} {[%emt 00:00:04]} Nc6 {[%clk 01:31:16]} {[%emt 00:00:07]} 3. Bc4
{[%clk 01:31:47]} {[%emt 00:00:06]} Bc5 {[%clk 01:31:43]} {[%emt 00:00:04]} 4.
c3 {[%clk 01:32:00]} {[%emt 00:00:17]} Nf6 {[%clk 01:32:07]} {[%emt 00:00:06]}
5. d4 {[%clk 01:31:56]} {[%emt 00:00:34]} exd4 {[%clk 01:32:31]} {[%emt
00:00:06]} 6. O-O {[%clk 01:31:22]} {[%emt 00:01:04]} d5 {[%clk 01:25:44]}
{[%emt 00:07:18]} 7. exd5 {[%clk 01:30:37]} {[%emt 00:01:15]} Nxd5 {[%clk
01:22:37]} {[%emt 00:03:38]} 8. Qb3 {[%clk 01:29:12]} {[%emt 00:01:53]} Be6
{[%clk 01:19:05]} {[%emt 00:04:03]} 9. Qxb7 {[%clk 01:28:33]} {[%emt 00:01:09]}
Nde7 {[%clk 01:18:40]} {[%emt 00:00:55]} 10. Bxe6 {[%clk 01:24:16]} {[%emt
00:04:47]} fxe6 {[%clk 01:18:48]} {[%emt 00:00:22]} 11. cxd4 {[%clk 01:23:52]}
{[%emt 00:00:54]} Bxd4 {[%clk 01:18:19]} {[%emt 00:01:00]} 12. Nxd4 {[%clk
01:22:58]} {[%emt 00:01:24]} Nxd4 {[%clk 01:18:33]} {[%emt 00:00:16]} 13. Qe4
{[%clk 01:21:02]} {[%emt 00:02:24]} Nec6 {[%clk 01:05:04]} {[%emt 00:14:00]}
14. Nc3 {[%clk 01:18:57]} {[%emt 00:02:36]} O-O {[%clk 01:00:36]} {[%emt
00:04:58]} 15. Be3 {[%clk 01:18:03]} {[%emt 00:01:14]} Qd7 {[%clk 00:39:01]}
{[%emt 00:22:15]} 16. Bxd4 {[%clk 01:16:57]} {[%emt 00:01:35]} Nxd4 {[%clk
00:38:42]} {[%emt 00:00:49]} 17. Rad1 {[%clk 01:17:08]} {[%emt 00:00:18]} c5
{[%clk 00:36:48]} {[%emt 00:02:25]} 18. Ne2 {[%clk 01:16:33]} {[%emt 00:01:04]}
Nxe2+ {[%clk 00:37:10]} {[%emt 00:00:09]} 19. Qxe2 {[%clk 01:16:55]} {[%emt
00:00:08]} Qc6 {[%clk 00:37:25]} {[%emt 00:00:10]} 20. h3 {[%clk 01:17:08]}
{[%emt 00:00:22]} h6 {[%clk 00:37:43]} {[%emt 00:00:13]} 21. Qg4 {[%clk
01:17:23]} {[%emt 00:00:09]} Rf7 {[%clk 00:37:21]} {[%emt 00:00:56]} 22. Rde1
{[%clk 01:16:59]} {[%emt 00:00:55]} Re8 {[%clk 00:37:29]} {[%emt 00:00:22]} 23.
Qe4 {[%clk 01:16:57]} {[%emt 00:00:31]} Qb6 {[%clk 00:37:20]} {[%emt 00:00:35]}
24. b3 {[%clk 01:17:01]} {[%emt 00:00:31]} Rfe7 {[%clk 00:35:37]} {[%emt
00:02:13]} 25. Qc4 {[%clk 01:17:05]} {[%emt 00:00:26]} Kh8 {[%clk 00:35:45]}
{[%emt 00:00:22]} 26. Re5 {[%clk 01:17:19]} {[%emt 00:00:15]} Rc8 {[%clk
00:34:11]} {[%emt 00:02:05]} 27. Rc1 {[%clk 01:17:11]} {[%emt 00:00:37]} Rec7
{[%clk 00:32:38]} {[%emt 00:02:04]} 28. Rxe6 {[%clk 01:17:17]} {[%emt
00:00:23]} Rc6 {[%clk 00:32:47]} {[%emt 00:00:21]} 29. Rxc6 {[%clk 01:17:12]}
{[%emt 00:00:35]} Qxc6 {[%clk 00:33:11]} {[%emt 00:00:07]} 30. b4 {[%clk
01:17:28]} {[%emt 00:00:14]} Qf6 {[%clk 00:30:47]} {[%emt 00:02:51]} 31. bxc5
{[%clk 01:17:39]} {[%emt 00:00:22]} Rf8 {[%clk 00:30:14]} {[%emt 00:01:04]} 32.
Qc2 {[%clk 01:17:09]} {[%emt 00:00:58]} Rc8 {[%clk 00:30:17]} {[%emt 00:00:27]}
33. c6 {[%clk 01:17:22]} {[%emt 00:00:18]} Qe6 {[%clk 00:30:21]} {[%emt
00:00:24]} 34. c7 {[%clk 01:17:35]} {[%emt 00:00:16]} Qd7 {[%clk 00:30:38]}
{[%emt 00:00:15]} 35. Qc5 {[%clk 01:17:47]} {[%emt 00:00:18]} a6 {[%clk
00:30:29]} {[%emt 00:00:40]} 36. Qb6 {[%clk 01:17:58]} {[%emt 00:00:18]} a5
{[%clk 00:30:27]} {[%emt 00:00:32]} 37. Qb8 {[%clk 01:18:14]} {[%emt 00:00:14]}
Kh7 {[%clk 00:30:47]} {[%emt 00:00:10]} 38. Qb6 {[%clk 01:18:04]} {[%emt
00:00:35]} a4 {[%clk 00:31:12]} {[%emt 00:00:10]} 39. Qc6 {[%clk 01:17:29]}
{[%emt 00:01:05]} Qxc6 {[%clk 00:30:08]} {[%emt 00:01:33]} 40. Rxc6 {[%clk
01:17:52]} {[%emt 00:00:07]} Kg8 {[%clk 00:30:34]} {[%emt 00:00:04]} 41. Kh2
{[%clk 01:17:38]} {[%emt 00:00:44]} Kf7 {[%clk 00:30:49]} {[%emt 00:00:15]} 42.
Kg3 {[%clk 01:17:31]} {[%emt 00:00:20]} Ke7 {[%clk 00:31:15]} {[%emt 00:00:21]}
43. Kf4 {[%clk 01:17:16]} {[%emt 00:00:45]} Kd7 {[%clk 00:31:31]} {[%emt
00:00:15]} 44. Rg6 {[%clk 01:16:41]} {[%emt 00:01:01]} Kxc7 {[%clk 00:31:45]}
{[%emt 00:00:19]} 45. Rxg7+ {[%clk 01:17:00]} {[%emt 00:00:11]} Kc6 {[%clk
00:32:11]} {[%emt 00:00:03]} 46. Rg6+ {[%clk 01:17:03]} {[%emt 00:00:27]} Kc5
{[%clk 00:32:33]} {[%emt 00:00:09]} 47. Rg3 {[%clk 01:16:38]} {[%emt 00:00:52]}
Kb4 {[%clk 00:32:49]} {[%emt 00:00:18]} 48. a3+ {[%clk 01:16:41]} {[%emt
00:00:27]} Kc4 {[%emt 00:01:09]} 49. Ke4 {[%clk 01:15:21]} {[%emt 00:00:36]}
Re8 {[%clk 00:33:27]} {[%emt 00:00:25]} 50. Kf5 {[%clk 01:14:49]} {[%emt
00:01:03]} Rf8+ {[%clk 00:33:31]} {[%emt 00:00:26]} 51. Kg6 {[%clk 01:14:57]}
{[%emt 00:00:22]} Rg8+ {[%clk 00:33:45]} {[%emt 00:00:16]} 52. Kxh6 {[%clk
01:15:13]} {[%emt 00:00:13]} Rxg3 {[%clk 00:34:11]} {[%emt 00:00:06]} 53. fxg3
{[%clk 01:15:34]} {[%emt 00:00:08]} Kb3 {[%clk 00:34:33]} {[%emt 00:00:08]} 54.
g4 {[%clk 01:15:55]} {[%emt 00:00:09]} Kxa3 {[%clk 00:34:55]} {[%emt 00:00:08]}
55. g5 {[%clk 01:16:18]} {[%emt 00:00:07]} Kb4 {[%clk 00:34:59]} {[%emt
00:00:27]} 56. g6 {[%clk 01:16:37]} {[%emt 00:00:11]} a3 {[%clk 00:35:21]}
{[%emt 00:00:08]} 57. g7 {[%clk 01:16:54]} {[%emt 00:00:12]} a2 {[%clk
00:35:49]} {[%emt 00:00:02]} 58. g8=Q {[%clk 01:17:08]} {[%emt 00:00:16]} a1=Q
{[%clk 00:36:15]} {[%emt 00:00:04]} 59. Qb8+ {[%clk 01:17:05]} {[%emt
00:00:33]} Kc4 {[%clk 00:36:30]} {[%emt 00:00:14]} 60. Qc7+ {[%clk 01:17:19]}
{[%emt 00:00:17]} Kb5 {[%clk 00:36:30]} {[%emt 00:00:30]} 61. Qg7 {[%clk
01:16:05]} {[%emt 00:01:42]} Qa6+ {[%clk 00:36:37]} {[%emt 00:00:23]} 62. Qg6
{[%clk 01:16:26]} {[%emt 00:00:10]} Qc8 {[%clk 00:36:38]} {[%emt 00:00:25]} 63.
Qb1+ {[%clk 01:16:22]} {[%emt 00:00:38]} Ka5 {[%clk 00:36:54]} {[%emt
00:00:15]} 64. g4 {[%clk 01:15:16]} {[%emt 00:01:35]} Qh8+ {[%clk 00:36:55]}
{[%emt 00:00:27]} 65. Qh7 {[%clk 01:15:30]} {[%emt 00:00:19]} Qf6+ {[%clk
00:37:05]} {[%emt 00:00:05]} 66. Kh5 {[%clk 01:15:43]} {[%emt 00:00:29]} Qd4
{[%clk 00:36:30]} {[%emt 00:00:53]} 67. h4 {[%clk 01:14:34]} {[%emt 00:01:54]}
Ka6 {[%clk 00:36:46]} {[%emt 00:00:13]} 68. g5 {[%clk 01:14:00]} {[%emt
00:01:04]} Qd1+ {[%clk 00:36:58]} {[%emt 00:00:19]} 69. Kh6 {[%clk 01:14:18]}
{[%emt 00:00:09]} Ka5 {[%clk 00:37:18]} {[%emt 00:00:10]} 70. Qf5+ {[%clk
01:14:06]} {[%emt 00:00:45]} Kb4 {[%clk 00:37:31]} {[%emt 00:00:17]} 71. g6
{[%clk 01:14:06]} {[%emt 00:00:30]} 1-0